000 00839nam a22002295i 4500
001 152041
003 ES-MaACL
005 20250728043246.0
008 020904s1900 fr |||| | fre d
040 _aCCPB | B
_bspa
_cCCPB | B
100 1 _aBertrand, Alexis.
_928517
245 1 4 _aLes études dans la démocratie /
_cpar Alexis Bertrand.
260 _aParis :
_bancienne Librairie Germer Baillière et C\pie\s, Félix Alcan, éditeur,
_c1900 (
_eÉvreux :
_fimprimerie de Charles Hérissey)
300 _a288 p. ;
_c22 cm.
490 1 _aBibliothèque de philosophie contemporaine
650 7 _aDemocracia
_2embne
_911574
752 _aFrancia -
_dParís
752 _aFrancia -
_dEvreux
830 0 _aBibliothèque de philosophie contemporaine
_9181027
852 _aES-MaACL
_jB-6206
_z-- Enc. hol.
999 _c152041
_d152041